[Event "Wellington Open 2023"]
[Site "Wellington Chess Club"]
[Date "2023.04.09"]
[Round "5.7"]
[White "Cummings, Nick"]
[Black "Loke, Kayden"]
[Result "0-1"]
[WhiteElo "2153"]
[BlackElo "1972"]

1. Nf3 Nf6 2. c4 e6 3. g3 d5 4. d4 Bb4+ 5. Bd2 Bxd2+ 6. Qxd2 O-O 7. Bg2 c6 8.
O-O Nbd7 9. Qc2 Re8 10. Rd1 dxc4 11. Qxc4 Qb6 12. Nbd2 h6 13. b4 e5 14. dxe5
Nxe5 15. Nxe5 Rxe5 16. Nf3 Re4 17. Nd4 Re8 18. Rac1 Be6 19. Nxe6 Rxe6 20. e3
Rd8 21. Bf3 Red6 22. a3 Nd5 23. Rd3 Ne7 24. Rcd1 Qc7 25. Qf4 Nd5 26. Bxd5 cxd5
27. Qd4 Qb6 28. e4 Qa6 29. Qe5 d4 30. Rxd4 Rxd4 31. Rxd4 Rxd4 32. Qxd4 Qxa3 33.
Qd8+ Kh7 34. Qe7 Qc1+ 35. Kg2 Qc6 36. f3 f6 37. h4 Qb5 38. g4 b6 39. Qxa7 Qxb4
40. Qf7 Qb2+ 41. Kh3 Qf2 42. Qb3 Qc5 43. h5 b5 44. Qf7 b4 45. Qg6+ Kg8 46. Qe8+
Qf8 47. Qe6+ Kh8 48. Qb6 Qe7 49. Qb8+ Kh7 50. Qb5 Qd6 51. Qc4 Qb8 52. Qb3 Qb5
53. Kg2 Qa5 54. Qf7 Qa4 55. e5 Qc2+ 56. Kg3 fxe5 57. g5 hxg5 58. h6 Kxh6 59.
Qe6+ Qg6 60. Qxe5 Qf6 61. Qb5 Qf4+ 62. Kg2 Qd2+ 63. Kg3 Qe1+ 64. Kg4 Qh4+ 65.
Kf5 Qf4+ 66. Ke6 Qf6+ 67. Kd7 Qf7+ 68. Kd6 Qxf3 69. Qc4 Qf4+ 0-1

[Event "Wellington Open 2023"]
[Site "Wellington Chess Club"]
[Date "2023.04.09"]
[Round "5.8"]
[White "Jackson, Ross"]
[Black "Archer, Ollie"]
[Result "0-1"]
[WhiteElo "1885"]
[BlackElo "2151"]

1. d4 d5 2. c4 e6 3. Nc3 Nf6 4. cxd5 exd5 5. Bg5 c6 6. Qc2 Bd6 7. e3 O-O 8. Bd3
h6 9. Bh4 Re8 10. Nf3 Be6 11. a3 a5 12. O-O Nbd7 13. e4 dxe4 14. Nxe4 Be7 15.
Rfe1 Nxe4 16. Bxe7 Rxe7 17. Bxe4 Nf6 18. Rad1 a4 19. Qc3 Nxe4 20. Rxe4 Bd5 21.
Rxe7 Qxe7 22. Re1 Qf6 23. Ne5 Rd8 24. Ng4 Qf4 25. Ne3 Bb3 26. Qb4 b5 27. Qc5
Qxd4 28. Qxc6 Qxb2 29. Qxb5 Qxa3 30. h3 Qe7 31. Qa5 Qd7 32. Qc5 Qd4 33. Qa3 g6
34. Rc1 Kh7 35. g3 Qd6 36. Qb2 Rb8 37. Ng4 h5 38. Nf6+ Kh6 39. g4 Qf4 40. h4
hxg4 0-1

[Event "Wellington Open 2023"]
[Site "Wellington Chess Club"]
[Date "2023.04.09"]
[Round "5.9"]
[White "Huang, Alex"]
[Black "Wang, Justin Zhide"]
[Result "1/2-1/2"]
[WhiteElo "2138"]
[BlackElo "1875"]

1. d4 e6 2. Nf3 Nf6 3. Bf4 d5 4. e3 Bd6 5. Bg3 b6 6. Nbd2 c6 7. Bd3 Ba6 8. Bxa6
Nxa6 9. Ne5 Bxe5 10. Bxe5 Nb8 11. Qf3 Nbd7 12. Bd6 Nf8 13. Ba3 Ng6 14. O-O Ne7
15. c4 O-O 16. Rfd1 Re8 17. Rac1 Ng6 18. e4 Nxe4 19. Nxe4 dxe4 20. Qxe4 Qd7 21.
f4 Rad8 22. b3 Qc7 23. g3 Ne7 24. Rd3 Rd7 25. Rcd1 Red8 26. Kg2 Nf5 27. R1d2
Nd6 28. Qe5 Ne8 29. Qe3 Nf6 30. Qf3 a5 31. h3 {(=)} 1/2-1/2

[Event "Wellington Open 2023"]
[Site "Wellington Chess Club"]
[Date "2023.04.09"]
[Round "5.10"]
[White "Rossiter, Philip E"]
[Black "Tang, Hao"]
[Result "0-1"]
[WhiteElo "1858"]
[BlackElo "2133"]

1. Nf3 d5 2. b3 c5 3. e3 Nf6 4. Bb2 Nc6 5. Be2 Bg4 6. d4 e6 7. Nbd2 Be7 8. O-O
O-O 9. c4 Rc8 10. Rc1 cxd4 11. Nxd4 Bxe2 12. Qxe2 Qa5 13. cxd5 Nxd4 14. Bxd4
Nxd5 15. Nc4 Qa6 16. Qb2 f6 17. a4 e5 18. Bc3 Qe6 19. Qe2 Rc7 20. Bb2 Rd8 21.
Na5 Rcd7 22. Nc4 Nb4 23. h3 Nd3 24. Rb1 a6 25. Ba3 b5 26. Bxe7 Qxe7 27. axb5
axb5 28. Nb2 e4 29. Nxd3 exd3 30. Qd2 Qe6 31. Rfc1 Rd5 32. Rc3 h6 33. Rbc1 R8d6
34. b4 Kh7 35. Rc5 g5 36. Rc7+ Rd7 37. R1c3 Rxc7 38. Rxc7+ Kg6 39. Rc3 Qe4 40.
Rc8 h5 41. f3 Qe6 42. Rc3 Qd6 43. Rc5 Rxc5 44. bxc5 Qxc5 45. Qxd3+ Kh6 46. Kh2
Qc7+ 47. Kg1 b4 48. Qd4 Qc3 49. Qe4 b3 50. g4 Qc1+ 51. Kh2 Qc2+ 0-1

[Event "Wellington Open 2023"]
[Site "Wellington Chess Club"]
[Date "2023.04.09"]
[Round "5.12"]
[White "Chen, Wei Kai"]
[Black "Yu, Zachary"]
[Result "0-1"]
[WhiteElo "1973"]
[BlackElo "1885"]

1. b3 e5 2. Bb2 Nc6 3. e3 d5 4. Nf3 Bd6 5. Be2 Nge7 6. O-O O-O 7. c4 dxc4 8.
Bxc4 Bg4 9. Be2 e4 10. Nd4 Bxe2 11. Qxe2 Nb4 12. Nc3 c5 13. Ndb5 Be5 14. Na4
Qb8 15. Bxe5 Qxe5 16. Nac3 a6 17. Na3 b5 18. f3 exf3 19. Qxf3 Rad8 20. Rad1 Rd6
21. d4 cxd4 22. exd4 Rxd4 23. Rde1 Qc5 24. Qe3 Ned5 25. Nxd5 Qxd5 26. Re2 Rd1
27. Qc3 Rxf1+ 28. Kxf1 Nc6 29. Nc2 Nd8 30. Ne3 Qg5 31. Rf2 Re8 32. Rf3 g6 33.
h3 b4 34. Qd3 Re6 35. Kg1 Nc6 36. Qd7 Ne5 37. Qc8+ Kg7 0-1

[Event "Wellington Open 2023"]
[Site "Wellington Chess Club"]
[Date "2023.04.09"]
[Round "5.13"]
[White "Gold, Hamish R"]
[Black "Malcolm, Aidan"]
[Result "0-1"]
[WhiteElo "1777"]
[BlackElo "1838"]

1. d4 d5 2. e4 dxe4 3. f3 Nf6 4. Nc3 exf3 5. Qxf3 g6 6. Bf4 a6 7. O-O-O Bg7 8.
Qe3 O-O 9. h3 Nd5 10. Nxd5 Qxd5 11. Kb1 c5 12. Qxe7 cxd4 13. Nf3 Nc6 14. Qh4
Nb4 15. b3 Nxa2 16. Bh6 Nc3+ 17. Kc1 Nxd1 18. Bxg7 Kxg7 19. Kxd1 b5 20. Bd3 Bf5
21. Bxf5 Qxf5 22. Qxd4+ Kg8 23. Kc1 Rac8 24. c3 Rfd8 25. Qb4 Rxc3+ 26. Qxc3 Rc8
27. Qxc8+ Qxc8+ 28. Kb2 a5 29. Rc1 Qe6 30. Re1 Qf6+ 31. Ka3 Qc3 32. Rb1 Qc2 33.
Rb2 Qc1 34. Ka2 a4 35. Nd4 a3 36. Rc2 Qd1 37. Rc8+ Kg7 38. Nc2 Qc1 0-1

[Event "Wellington Open 2023"]
[Site "Wellington Chess Club"]
[Date "2023.04.09"]
[Round "5.14"]
[White "Cilia Vincenti, David"]
[Black "Rose, Nathan"]
[Result "1-0"]
[WhiteElo "2136"]
[BlackElo "1737"]

1. d4 Nf6 2. c4 g6 3. Nc3 Bg7 4. e4 d6 5. Be2 O-O 6. Be3 e5 7. d5 a5 8. h4 Na6
9. h5 c6 10. hxg6 fxg6 11. g4 Nc5 12. f3 cxd5 13. cxd5 Bd7 14. Qd2 Rf7 15. Nh3
Rb8 16. Ng5 Re7 17. Bxc5 dxc5 18. d6 Re8 19. Bc4+ Kf8 20. Nd5 b5 21. Nxf6 bxc4
22. Nfxh7+ 1-0

[Event "Wellington Open 2023"]
[Site "Wellington Chess Club"]
[Date "2023.04.09"]
[Round "5.15"]
[White "Tanoi, Edward"]
[Black "Brockway, Andrew"]
[Result "1-0"]
[WhiteElo "1993"]
[BlackElo "1662"]

1. d4 Nf6 2. Nf3 e6 3. Bg5 Be7 4. Bxf6 Bxf6 5. e4 d6 6. Nbd2 Nd7 7. Bd3 e5 8.
c3 O-O 9. O-O g6 10. h3 Bg7 11. Nh2 Nb6 12. Ndf3 Bd7 13. Ng4 Bxg4 14. hxg4 h6
15. Be2 Nd7 16. Qd3 Qe7 17. g3 Rae8 18. d5 Nc5 19. Qc2 f5 20. gxf5 gxf5 21. Nh4
f4 22. Kg2 Qg5 23. b4 Nd7 24. Bb5 Rd8 25. Nf5 Nf6 26. Bd3 Ng4 27. Qe2 Rd7 28.
Rae1 Rdf7 29. c4 Nf6 30. c5 h5 31. cxd6 cxd6 32. Nxd6 Rd7 33. Nf5 h4 34. Nxh4
Ng4 35. Nf3 Ne3+ 36. Qxe3 Qf6 37. Qe2 fxg3 38. fxg3 Qg6 39. Nh4 Qh6 40. Nf5 Qg6
41. d6 Bf6 42. Bc4+ Rff7 43. Ne7+ 1-0

[Event "Wellington Open 2023"]
[Site "Wellington Chess Club"]
[Date "2023.04.09"]
[Round "5.16"]
[White "Ha, Timothy Huy Minh"]
[Black "Ashe, Michael"]
[Result "1-0"]
[WhiteElo "1812"]
[BlackElo "1659"]

1. Nf3 d5 2. g3 Nf6 3. Bg2 Bf5 4. O-O e6 5. c4 c6 6. d4 Nbd7 7. Nfd2 Bd6 8. Nc3
O-O 9. e4 dxe4 10. Ndxe4 Nxe4 11. Nxe4 Bxe4 12. Bxe4 Nf6 13. Bg2 Qc7 14. b3
Rad8 15. Qf3 Rfe8 16. Be3 e5 17. dxe5 Bxe5 18. Rad1 a6 19. Rxd8 Rxd8 20. Rd1
Rxd1+ 21. Qxd1 Qd7 22. Qe2 Qf5 23. f3 h6 24. Bf1 Bd6 25. Kg2 Qe5 26. Qd2 Qe7
27. Bd3 Bb4 28. Qf2 Nd7 29. Bb1 Bc5 30. Bxc5 Nxc5 31. Qc2 g6 32. b4 Ne6 33. Qd2
Qd8 34. Qxd8+ Nxd8 35. Kf2 Ne6 36. Ke3 Kg7 37. c5 Kf6 38. a3 Nc7 39. Kd3 Ke5
40. h4 f5 41. f4+ Kf6 42. Ba2 g5 43. h5 gxf4 44. gxf4 Ne8 45. Bb3 Ng7 46. Bd1
Ne6 47. Ke3 Nc7 48. Bf3 Nb5 49. a4 Nc3 50. Kd3 Nxa4 51. Kc2 1-0

[Event "Wellington Open 2023"]
[Site "Wellington Chess Club"]
[Date "2023.04.09"]
[Round "5.17"]
[White "Sun, Wanyao Sarah"]
[Black "Yu, Weiyang (Cadence)"]
[Result "1-0"]
[WhiteElo "1635"]
[BlackElo "1804"]

1. e4 c5 2. Nf3 e6 3. d4 cxd4 4. Nxd4 a6 5. Nc3 b5 6. a3 Bb7 7. Bd3 Qc7 8. O-O
Bd6 9. h3 Nc6 10. Nxc6 Bxc6 11. Be3 h5 12. f4 Qb7 13. Bxb5 Be7 14. Bxc6 Qxc6
15. f5 Bd6 16. Qd3 Qc7 17. Rad1 Bh2+ 18. Kh1 Nf6 19. Qd2 Be5 20. Bd4 Ke7 21.
Bxe5 Qxe5 22. Qf4 Qxf4 23. Rxf4 e5 24. Rf2 Rac8 25. Rfd2 Rc4 26. Nd5+ Nxd5 27.
Rxd5 Rxe4 28. Rxd7+ Kf6 29. R1d6+ Kxf5 30. Rxf7+ Kg5 31. Rxg7+ Kf4 32. Rf7+ Kg5
33. Rxa6 Re2 34. Rc6 Rg8 35. Kg1 Kh4 36. Rc4+ e4 37. Rf4+ Kg3 38. Rcxe4 Rxg2+
39. Kf1 Rxc2 40. Rb4 Rxb2 41. Rxb2 Kxf4 42. Rb3 Ra8 43. Ke2 Ra5 44. Kd2 Rf5 45.
a4 Ra5 46. Ra3 Ke4 47. Kc3 Ra8 48. a5 Kd5 49. Kd3 Kc6 50. Ke4 Kb7 51. Kf5 h4
52. Kg5 Rh8 53. Ra4 Ka6 54. Rxh4 Rg8+ 55. Kf6 Kxa5 56. Rg4 Rb8 57. h4 Rb6+ 58.
Kg7 Rb7+ 59. Kh6 Ka6 60. Rg7 Rb8 61. h5 Kb5 62. Kh7 Kc6 63. h6 Kd5 64. Kg6 Rb6+
65. Kg5 Rb1 66. h7 Rg1+ 67. Kf6 Rf1+ 68. Kg6 Rg1+ 69. Kf7 Rf1+ 70. Kg8 1-0

[Event "Wellington Open 2023"]
[Site "Wellington Chess Club"]
[Date "2023.04.09"]
[Round "5.18"]
[White "Zhu, David Junyang"]
[Black "Sethuramalingam, Karthik"]
[Result "1-0"]
[WhiteElo "1740"]
[BlackElo "1415"]

1. d4 d5 2. c4 e6 3. Nf3 Be7 4. g3 Nf6 5. Bg2 O-O 6. O-O dxc4 7. Ne5 Nbd7 8.
Nxc4 Nb6 9. Nxb6 axb6 10. Nc3 c6 11. e4 Bb4 12. Qb3 Ba5 13. Rd1 Qe7 14. e5 Nd5
15. Ne4 b5 16. Bd2 Bb6 17. Be1 f5 18. Nd6 Bc7 19. Bxd5 exd5 20. Nxc8 Raxc8 21.
Bb4 Qf7 22. Bxf8 Rxf8 23. f4 Qh5 24. Qe3 Bd8 25. Rd2 g5 26. Rg2 gxf4 27. gxf4+
Kh8 28. Re1 Qh4 29. Ree2 Re8 30. Qg3 Qh6 31. Qe3 Bb6 32. Rd2 Bc7 33. Rdf2 Bb6
34. Rf3 Qf8 35. Rc2 Qb4 36. Rd2 c5 37. Qc3 Qa4 38. Qb3 Qa5 39. Rd1 cxd4 40. Qa3
d3+ 41. Kf1 d2 42. Qxa5 Bxa5 43. Ra3 b6 {(=)} 44. Rd3 Kg7 45. Rxd5 Kf7 46. Rxb5
Rd8 47. b4 1-0

[Event "Wellington Open 2023"]
[Site "Wellington Chess Club"]
[Date "2023.04.09"]
[Round "5.19"]
[White "Benitez, Edgar"]
[Black "Jones, Christopher"]
[Result "1/2-1/2"]
[WhiteElo "1930"]
[BlackElo "1596"]

1. d4 d5 2. Bf4 Nf6 3. Nf3 e6 4. e3 Be7 5. Bd3 O-O 6. h3 c6 7. Nbd2 Nbd7 8. O-O
h6 9. c4 dxc4 10. Nxc4 b5 11. Nce5 Bb7 12. Rc1 Rc8 13. Qe2 Qb6 14. Rfd1 Rfd8
15. Bb1 c5 16. Nxd7 Nxd7 17. Ne5 Nxe5 18. dxe5 Rxd1+ 19. Rxd1 Rd8 20. Rc1 Qc6
21. f3 c4 22. Qc2 Rd3 23. Qe2 Rd7 24. Qc2 Rd3 25. Qe2 Rd7 26. Rd1 Rxd1+ 27.
Qxd1 h5 28. Be4 Qc7 29. Bxb7 Qxb7 30. e4 Bc5+ 31. Kh1 Qc7 32. Qd2 Be7 33. Be3
a6 34. Bd4 a5 35. a3 b4 36. axb4 axb4 37. Qe3 Qa5 38. Kh2 f6 39. f4 Kh7 40.
exf6 Bxf6 41. e5 Bd8 42. Qe2 c3 1/2-1/2

[Event "Wellington Open 2023"]
[Site "Wellington Chess Club"]
[Date "2023.04.09"]
[Round "5.20"]
[White "Howe, Alexander"]
[Black "Campbell, Cazna"]
[Result "0-1"]
[WhiteElo "1556"]
[BlackElo "1701"]

1. e4 c6 2. d4 d5 3. f3 dxe4 4. fxe4 e5 5. Nf3 Bg4 6. c3 Nd7 7. Be2 Ngf6 8.
dxe5 Bxf3 9. exf6 Bxe2 10. Qxe2 Qxf6 11. Be3 Bd6 12. Nd2 O-O 13. Nf3 Rfe8 14.
Bg5 Qg6 15. O-O-O Ne5 { conflicting scoresheets - Black won in 68 moves } 0-1

[Event "Wellington Open 2023"]
[Site "Wellington Chess Club"]
[Date "2023.04.09"]
[Round "5.21"]
[White "List, Robert"]
[Black "Moshakova, Elena"]
[Result "1/2-1/2"]
[WhiteElo "1677"]
[BlackElo "1520"]

1. e4 e5 2. Bc4 Nf6 3. d4 exd4 4. Nf3 Bb4+ 5. c3 Ba5 6. O-O O-O 7. e5 d5 8. Bd3
Ne4 9. cxd4 Nc6 10. a3 Bb6 11. Be3 Bg4 12. h3 Bxf3 13. gxf3 Ng5 14. Kh2 Bxd4
15. f4 Bxe3 16. fxe3 Ne4 17. Qf3 f5 18. exf6 Qxf6 19. Qg2 Ne7 20. Ra2 c6 21.
Bxe4 dxe4 22. Qxe4 Rae8 23. Qf3 Nd5 24. b4 Rxe3 25. Qg4 Nxf4 26. Raf2 Qe5 27.
Rxf4 Re4 28. Kg3 Rexf4 29. Rxf4 Re8 30. Qf5 Qxf5 31. Rxf5 Re1 32. Nc3 Ra1 33.
a4 Ra3 34. Rf3 a6 35. b5 axb5 36. axb5 Ra5 37. bxc6 bxc6 38. Kf2 g6 39. Ke3 Kg7
40. Kd4 g5 41. Kc4 h5 42. Ne2 Re5 43. Nd4 Kg6 44. Nxc6 Re4+ 45. Kd5 g4 46. hxg4
hxg4 47. Rg3 Kf5 48. Rg1 Re3 49. Rf1+ Kg5 50. Ne5 g3 1/2-1/2

[Event "Wellington Open 2023"]
[Site "Wellington Chess Club"]
[Date "2023.04.09"]
[Round "5.23"]
[White "Hooper, John"]
[Black "Hurndell, Robert"]
[Result "0-1"]
[WhiteElo "1244"]
[BlackElo "1626"]

1. e4 c5 2. Nf3 d6 3. d4 cxd4 4. Nxd4 Nf6 5. Nc3 g6 6. Be2 Bg7 7. O-O O-O 8.
Be3 Nc6 9. Rb1 Bd7 10. Qd2 a6 11. b4 b5 12. Nxc6 Bxc6 13. f3 Qc7 14. Rbc1 Qb7
15. Qd3 Rfd8 16. Rfd1 Rac8 17. Bg5 h6 18. Bxf6 Bxf6 19. Nd5 Bxd5 20. exd5 Qb6+
21. Kh1 Rc3 22. Qe4 Re3 23. Qg4 h5 24. Qg3 Rxe2 25. Re1 Qf2 26. Qxf2 Rxf2 27.
Kg1 Rd2 28. c4 bxc4 29. Rxc4 Rxa2 30. Rb1 Ra1 31. Rxa1 Bxa1 32. Rc6 Bd4+ 33.
Kf1 Rb8 34. Rxa6 Rxb4 35. Ra8+ Kg7 36. Re8 Kf6 37. h4 Rb5 38. g4 hxg4 39. fxg4
Rxd5 40. g5+ Kg7 41. Rxe7 Re5 42. Rd7 Bc5 43. Kg2 Re3 44. Rd8 Rd3 45. h5 gxh5
46. g6 fxg6 47. Rd7+ Kf6 48. Rd8 Kg5 49. Rh8 d5 50. Kh1 d4 51. Rd8 Rd1+ 52. Kg2
d3 53. Rd5+ Kf4 54. Rxc5 Ra1 55. Rd5 Ke3 56. Rd6 d2 57. Re6+ Kf4 58. Rxg6 d1=Q
59. Rf6+ Kg5 60. Rf1 Qxf1+ 61. Kh2 Qg1+ 62. Kh3 Ra3# 0-1

[Event "Wellington Open 2023"]
[Site "Wellington Chess Club"]
[Date "2023.04.09"]
[Round "5.24"]
[White "Keith, Matthew"]
[Black "Sova, Leo"]
[Result "1-0"]
[WhiteElo "1621"]
[BlackElo "1253"]

1. d4 d5 2. c4 e6 3. Nc3 Nf6 4. Bg5 Be7 5. e3 O-O 6. cxd5 Nxd5 7. Bxe7 Qxe7 8.
Nxd5 exd5 9. Bd3 Qb4+ 10. Qd2 Qxd2+ 11. Kxd2 Nd7 12. Rc1 c6 13. Ne2 Nf6 14. f3
Re8 15. g4 h6 16. h4 Nh7 17. Bxh7+ Kxh7 18. Nf4 g6 19. Nd3 Be6 20. g5 h5 21.
Ne5 Kg7 22. Rhg1 Re7 23. a4 Bf5 24. f4 Be4 25. a5 a6 26. Rc3 Rc7 27. Rgc1 Rac8
28. Rc5 Kf8 29. R1c3 Ke7 30. Rb3 Ke6 31. Rb6 Kd6 32. Kc3 Ra8 33. b3 Rac8 34. b4
Ra8 35. Kb3 Ra7 36. b5 axb5 37. Rcxb5 Bg2 38. a6 bxa6 39. Rc5 Rab7 40. Rxc6+
Rxc6 41. Rxb7 Rc7 42. Rxc7 Kxc7 43. Nxf7 Be4 44. Ne5 Kb6 45. Kb4 a5+ 46. Ka4
Bc2+ 47. Ka3 Kb5 48. Kb2 Bf5 49. Nf7 Kb4 50. Nd6 Bd3 51. f5 gxf5 52. Nf7 f4 53.
exf4 Kc4 54. Ne5+ Kxd4 55. Nxd3 Kxd3 56. g6 Ke4 57. g7 Kxf4 58. g8=Q d4 59.
Qg5+ Kf3 60. Qxh5+ Ke3 61. Qg5+ Ke2 62. h5 d3 63. h6 d2 64. Qxd2+ Kxd2 65. h7
Kd3 66. h8=Q Kc4 67. Qe5 Kb4 68. Qd5 a4 69. Qc6 Ka5 70. Kc3 1-0

[Event "Wellington Open 2023"]
[Site "Wellington Chess Club"]
[Date "2023.04.09"]
[Round "5.29"]
[White "McConnell, Jack"]
[Black "Wang, Carol Huixin"]
[Result "1-0"]
[WhiteElo "1512"]
[BlackElo "1127"]

1. d4 d5 2. c4 e6 3. Nc3 Nf6 4. cxd5 exd5 5. Bg5 Be7 6. e3 Bf5 7. Bxf6 Bxf6 8.
Qb3 b6 9. Qxd5 Qxd5 10. Nxd5 Bd8 11. Rc1 c6 12. Nb4 c5 13. dxc5 bxc5 14. Rxc5
Be7 15. Rxf5 Bxb4+ 16. Ke2 Nd7 17. g3 Rc8 18. Rd5 Rc2+ 19. Kf3 Rxb2 20. Bb5 Rd2
21. Bxd7+ Ke7 22. Rxd2 Bxd2 23. Ba4 Rc8 24. Ne2 Rc4 25. Bb3 Rb4 26. Rd1 Bxe3
27. Kxe3 f6 28. Rd4 Rb5 29. Nc3 Rh5 30. Ra4 a5 31. Rc4 Kd7 32. Ne2 Re5+ 33. Re4
Rb5 34. Ba4 Kc6 35. Nc3 Kc5 36. Bxb5 Kd6 37. f4 g6 38. Kd4 h6 39. Bc4 Kd7 40.
Kc5 f5 41. Bb5+ Kc7 42. Re7+ Kd8 43. Kd6 g5 44. Bd7 g4 45. Re8# 1-0

[Event "Wellington Open 2023"]
[Site "Wellington Chess Club"]
[Date "2023.04.09"]
[Round "5.30"]
[White "Osborne, Geoff"]
[Black "Kierstead, James"]
[Result "1/2-1/2"]
[WhiteElo "1468"]
[BlackElo "1175"]

1. e4 e6 2. d4 d5 3. Nd2 c5 4. c3 Nc6 5. Ngf3 cxd4 6. cxd4 Bb4 7. Bd3 Nge7 8.
O-O Bd7 9. e5 Qb6 10. Nb3 Nf5 11. Bxf5 exf5 12. a3 Be7 13. Bf4 O-O 14. Re1 f6
15. e6 Bc8 16. Qd3 g6 17. Bh6 Re8 18. Re3 Nd8 19. Rae1 Bxe6 20. R3e2 Nf7 21.
Rxe6 Qc7 22. Rc1 Qd7 23. Re2 Nxh6 24. Nc5 Bxc5 25. dxc5 Rxe2 26. Qxe2 Re8 27.
Qd2 Nf7 28. Rd1 Ne5 29. Qc3 Qe6 30. Nd4 Qd7 31. Nc2 Qe6 32. Qb3 b6 33. cxb6
axb6 34. Qxd5 Qxd5 35. Rxd5 Nc4 36. Rb5 Re6 37. f3 1/2-1/2

[Event "Wellington Open 2023"]
[Site "Wellington Chess Club"]
[Date "2023.04.09"]
[Round "6.1"]
[White "Croad, Nicolas"]
[Black "Ker, Anthony"]
[Result "1/2-1/2"]
[WhiteElo "2442"]
[BlackElo "2425"]

1. e4 c5 2. Nf3 g6 3. d4 cxd4 4. Qxd4 Nf6 5. Nc3 Nc6 6. Qa4 d6 7. e5 Ng4 8. Bf4
Bg7 9. exd6 O-O 10. Bb5 e5 11. Bg5 Qxd6 12. h3 Nh6 13. Ne4 Qb4+ 14. Qxb4 Nxb4
15. Ba4 Bf5 16. Be7 Bxe4 17. Bxb4 Rfc8 18. Bc3 Nf5 19. O-O-O Bxf3 20. gxf3 Nd4
21. Bxd4 exd4 22. Rhe1 Bf6 23. Rd3 Rc5 24. Re4 b5 25. Bb3 Rac8 26. Kd1 a5 27.
a4 bxa4 28. Bxa4 Rc4 29. Ra3 Rb4 30. Bb3 Rb5 31. Ke2 Kf8 32. f4 Rcc5 33. Ra4
Rh5 34. Rc4 Rbc5 35. Rxc5 Rxc5 36. Ba4 Rc8 37. Kd3 Rb8 38. b3 Rc8 39. Bd7 Rc7
40. Re8+ Kg7 41. Bc8 Rc3+ 42. Kd2 Bh4 43. f5 Bxf2 44. fxg6 hxg6 45. Bd7 Be3+
46. Kd1 f5 47. Rc8 Rxc8 48. Bxc8 Kf6 49. Ke2 Kg5 50. Kf3 Kh4 51. Kg2 Bd2 {(=)}
1/2-1/2

[Event "Wellington Open 2023"]
[Site "Wellington Chess Club"]
[Date "2023.04.09"]
[Round "6.2"]
[White "Winter, Ryan"]
[Black "Dive, Russell"]
[Result "1/2-1/2"]
[WhiteElo "2209"]
[BlackElo "2350"]

1. e4 c5 2. Nf3 a6 3. Nc3 d6 4. d4 cxd4 5. Nxd4 b5 6. g3 Bb7 7. Bg2 b4 8. Nb1
Nf6 9. Nd2 Qb6 10. Ne2 Nbd7 11. Nf4 e5 12. Nd3 Be7 13. a3 a5 14. axb4 axb4 15.
Rxa8+ Bxa8 16. O-O O-O 17. Re1 Rc8 18. Nb3 Rc4 19. Nd2 Rc8 20. Nb3 Qb8 21. Bd2
Nc5 22. Ndxc5 dxc5 23. Bg5 c4 24. Nd2 h6 25. Bxf6 Bxf6 26. Nf1 Rd8 27. Qe2 Rd4
28. Rd1 c3 29. bxc3 bxc3 30. Ra1 Bc6 31. Ra3 Qb2 32. Rb3 Ba4 33. Rxb2 cxb2 34.
c3 b1=Q 35. cxd4 exd4 36. e5 Bb5 37. Qf3 Be7 38. Qa8+ Bf8 39. Qd5 Qb4 40. e6
Bd6 41. exf7+ Kf8 42. Be4 Bc4 43. Qxd4 Bxf7 44. Qxb4 Bxb4 45. Kg2 Ke7 46. Ne3
Bc5 47. Nd5+ Bxd5 1/2-1/2

[Event "Wellington Open 2023"]
[Site "Wellington Chess Club"]
[Date "2023.04.09"]
[Round "6.3"]
[White "Timergazi, Layla"]
[Black "Ning, Isabelle Yixuan"]
[Result "0-1"]
[WhiteElo "2136"]
[BlackElo "2109"]

1. d4 Nf6 2. c4 g6 3. Nc3 Bg7 4. e4 d6 5. h3 O-O 6. Bg5 Nbd7 7. Nf3 h6 8. Be3
e5 9. d5 a5 10. Bd3 b6 11. Qd2 Nc5 12. Bc2 Kh7 13. g4 Ne8 14. b3 Bd7 15. O-O f5
16. exf5 gxf5 17. Bxc5 bxc5 18. gxf5 Bf6 19. Ne4 Ng7 20. Ng3 e4 21. Bxe4 Bxa1
22. Rxa1 Qf6 23. Re1 Bxf5 24. Bxf5+ Nxf5 25. Re6 Qg7 26. Qd3 Kh8 27. Kh2 Nxg3
28. fxg3 Rae8 29. Qe4 Rxe6 30. dxe6 Qb2+ 31. Kh1 Qa1+ 32. Kh2 Qxa2+ 33. Kg1
Qa1+ 34. Kg2 Qb2+ 35. Kg1 Qf6 36. e7 Re8 37. Nh4 Qd4+ 38. Qxd4+ cxd4 39. Nf5 c5
40. Kf2 Kh7 41. Kf3 Kg6 42. g4 Kf6 43. Ke4 h5 44. Kf4 hxg4 45. hxg4 Rxe7 46.
g5+ Kf7 47. Nxd6+ Kg6 48. Nb5 d3 0-1

[Event "Wellington Open 2023"]
[Site "Wellington Chess Club"]
[Date "2023.04.09"]
[Round "6.4"]
[White "Archer, Ollie"]
[Black "Perrin, Brent"]
[Result "1-0"]
[WhiteElo "2151"]
[BlackElo "1960"]

1. d4 e6 2. Bf4 f5 3. e3 Nf6 4. Nf3 b6 5. c4 Bb7 6. Be2 Bd6 7. Bxd6 cxd6 8. O-O
O-O 9. d5 Na6 10. Nc3 Nc5 11. Qd4 Qe7 12. Rfd1 Nce4 13. Rac1 Nxc3 14. Qxc3 Rac8
15. Qa3 exd5 16. Qxa7 Bc6 17. Qxb6 f4 18. Qd4 fxe3 19. Qxe3 Qf7 20. Qd2 Rce8
21. b3 Qg6 22. cxd5 Bxd5 23. Bc4 Bxc4 24. Rxc4 Ne4 25. Qd5+ Re6 26. Re1 Rf5 27.
Rc8+ Kf7 28. Qa8 Qg4 29. Rf8+ Kg6 30. Rxf5 1-0

[Event "Wellington Open 2023"]
[Site "Wellington Chess Club"]
[Date "2023.04.09"]
[Round "6.5"]
[White "Tang, Hao"]
[Black "Young, Cohen"]
[Result "1-0"]
[WhiteElo "2133"]
[BlackElo "1994"]

1. d4 d5 2. c4 e6 3. Nf3 Nf6 4. Nc3 dxc4 5. Ne5 a6 6. a4 Bb4 7. Bg5 c5 8. e3
Qa5 9. Rc1 cxd4 10. Qxd4 b5 11. Be2 Bb7 12. O-O Nc6 13. Nxc6 Bxc6 14. Bxf6 gxf6
15. Qxf6 Rg8 16. Bf3 Qc7 17. axb5 Bxc3 18. Bxc6+ Qxc6 19. Qxf7+ Kxf7 20. bxc6
Bxb2 21. Rxc4 Rgc8 22. Rb1 Be5 23. f4 Bd6 24. Rd1 Ke7 25. g4 Rc7 26. f5 e5 27.
g5 Rac8 28. Rh4 Bc5 29. Rxh7+ Kf8 30. Rdd7 Rxd7 31. Rh8+ Ke7 32. Rxc8 Bxe3+ 33.
Kf1 Rd2 34. f6+ Ke6 35. c7 Rf2+ 36. Ke1 Kd7 37. g6 Kxc8 38. g7 Rg2 39. f7 1-0

[Event "Wellington Open 2023"]
[Site "Wellington Chess Club"]
[Date "2023.04.09"]
[Round "6.6"]
[White "Van der Hoorn, Thomas"]
[Black "Yu, Zachary"]
[Result "0-1"]
[WhiteElo "2068"]
[BlackElo "1885"]

1. e4 c5 2. Nf3 d6 3. d4 cxd4 4. Nxd4 Nf6 5. Nc3 a6 6. Be3 e5 7. Nb3 Be6 8. Be2
Nbd7 9. Qd2 Rc8 10. O-O-O b5 11. f3 h5 12. Nd5 Bxd5 13. exd5 Nb6 14. Bxb6 Qxb6
15. Kb1 Be7 16. h4 O-O 17. Rhg1 Rc7 18. g4 hxg4 19. fxg4 Rfc8 20. c3 Ne4 21.
Qc2 Nf2 22. Rdf1 Nh3 23. Qf5 Nf4 24. Rxf4 exf4 25. Nd4 b4 26. Bd3 g6 27. Qxf4
bxc3 28. Rg2 cxb2 29. Nc2 Bxh4 30. Qh6 Bf6 31. Bxg6 Bg7 32. Bh7+ Kf8 33. Qf4
Rxc2 34. Bxc2 Rxc2 35. Rxc2 Qg1+ 0-1

[Event "Wellington Open 2023"]
[Site "Wellington Chess Club"]
[Date "2023.04.09"]
[Round "6.7"]
[White "Loke, Kayden"]
[Black "Huang, Alex"]
[Result "1-0"]
[WhiteElo "1972"]
[BlackElo "2138"]

1. e4 c5 2. Nf3 e6 3. c3 d5 4. exd5 Qxd5 5. d4 Nf6 6. Be3 cxd4 7. Qxd4 Nc6 8.
Qxd5 Nxd5 9. Bd2 e5 10. Bb5 Bd6 11. c4 Nb4 12. Bxb4 Bxb4+ 13. Nbd2 O-O 14. Bxc6
bxc6 15. O-O-O f6 16. a3 Be7 17. Ne4 Be6 18. Ned2 Rfd8 19. Rhe1 Rd3 20. Nxe5
fxe5 21. Rxe5 Bg4 22. Rxe7 Bxd1 23. Kxd1 Kf8 24. Re2 Rad8 25. Kc2 R3d4 26. b3
h6 27. Nf3 R4d6 28. b4 g5 29. h4 g4 30. Ne5 Re8 31. Re3 h5 32. c5 Rde6 {(=)}
33. Nc4 Re4 34. Kd3 Rf4 35. Rxe8+ Kxe8 36. Nd6+ Kd7 37. Ke3 Rf8 38. Ne4 Ke6 39.
Ng3 Ke5 40. Nxh5 Rh8 41. Nf4 Rxh4 42. Ng6+ 1-0

[Event "Wellington Open 2023"]
[Site "Wellington Chess Club"]
[Date "2023.04.09"]
[Round "6.8"]
[White "Sole, Michael"]
[Black "Aldridge, Alan"]
[Result "1-0"]
[WhiteElo "2142"]
[BlackElo "1760"]

1. e4 e5 2. Nf3 Nc6 3. Bc4 Bc5 4. c3 Nf6 5. d3 Bb6 6. O-O d6 7. a4 a6 8. Nbd2
O-O 9. h3 Re8 10. b4 h6 11. Re1 Be6 12. Bxe6 Rxe6 13. Nc4 Nh7 14. Nxb6 cxb6 15.
Qb3 Ng5 16. Nxg5 hxg5 17. Be3 Rh6 18. b5 Na5 19. Qd5 Rc8 20. Ra3 Rh5 21. f3
axb5 22. axb5 g6 23. Qa2 Kg7 24. Qf2 Rc5 25. Bxc5 bxc5 26. Qa2 b6 27. Qd5 f5
28. Rf1 Qd7 29. d4 g4 30. fxg4 fxg4 31. dxc5 gxh3 32. Qxd6 Qxb5 33. Qf8+ 1-0

[Event "Wellington Open 2023"]
[Site "Wellington Chess Club"]
[Date "2023.04.09"]
[Round "6.9"]
[White "Malcolm, Leo"]
[Black "Cilia Vincenti, David"]
[Result "0-1"]
[WhiteElo "1777"]
[BlackElo "2136"]

1. e4 c5 2. d4 cxd4 3. c3 dxc3 4. Nxc3 Nc6 5. Nf3 e6 6. Bc4 a6 7. O-O b5 8. Bb3
Bb7 9. Qe2 Nge7 10. Bg5 f6 11. Rfd1 fxg5 12. Bxe6 dxe6 13. Rxd8+ Rxd8 14. Nxg5
Nd4 15. Qg4 Ng6 16. Nxe6 Nxe6 17. Qxe6+ Be7 18. e5 Nf4 19. Qg4 O-O 20. Qg3 Nxg2
21. Rf1 Nh4 22. f4 Bc5+ 23. Rf2 Rd2 0-1